[Event "Corus-C"]
[Site "Wijk aan Zee"]
[Date "2006.01.24"]
[Round "9"]
[White "Van der Wiel, John"]
[Black "Jonkman, Harmen"]
[Result "1/2-1/2"]
[WhiteElo "2505"]
[BlackElo "2470"]
[Annotator "Lukacs,P"]
[PlyCount "47"]
[EventDate "2006.01.14"]
[EventType "tourn"]
[EventRounds "13"]
[EventCountry "NED"]
[EventCategory "9"]
[SourceTitle "CBM 111"]
[Source "ChessBase"]
[SourceDate "2006.04.04"]
[SourceVersion "1"]
[SourceVersionDate "2006.04.04"]
[SourceQuality "1"]

1. e4 e5 2. Nf3 Nc6 3. Bc4 Bc5 4. b4 Bxb4 5. c3 Ba5 6. d4 Bb6 $6 {Black cannot
give back the P without any resistance.} (6... d6 7. Qb3 {- Vallejo Pons-Acs,
Germany 2005 CBM 110}) (6... exd4 7. O-O (7. Qb3 {- 7.Qb3}) 7... Nge7 8. Ng5 {
- Ovetchkin-Lastin, Krasnoyarsk 2003} (8. cxd4 d5 {- Sulskis-Svidler, Moscow
2001 CBM 86})) 7. dxe5 (7. Nxe5 {was also promising.} Nxe5 8. dxe5 Ne7 (8...
Qe7 9. Qd5 $1) 9. Ba3 $1 (9. Bf4 O-O 10. O-O Ng6 11. Bg3 Qe7 $13) 9... O-O 10.
O-O $14) 7... Nge7 8. Ba3 $142 {The B is usually best in the Evans Gambit on
this /^.} (8. Bf4 $5 O-O 9. O-O Ng6 10. Bg3 Qe7 11. Qd5 Rd8 $1 {/\ Bc5,d6} (
11... Re8 12. Nbd2 a6 (12... a5 $6 13. a4 Bc5 14. Rab1 d6 15. exd6 cxd6 16. Qh5
$16) (12... Ncxe5 $2 13. Nxe5 Nxe5 14. Bxe5 Qxe5 15. Qxf7+ Kh8 16. Nf3 Qe7 17.
Ng5 g6 18. Qf4 Rf8 19. Qh4 $16 {Muir-Peeples, cr 1982}) 13. a4 $44) 12. Nbd2
Bc5 13. Nb3 d6 {and finally Black has finished his development.} 14. exd6 Bxd6
$13) (8. O-O O-O 9. Ba3 {- 8.Ba3}) 8... O-O 9. O-O h6 (9... Re8 $2 {founders on
} 10. Bxf7+ $1 Kxf7 11. Ng5+ Kg6 12. Qg4 Nxe5 13. Qg3 $16) (9... Ng6 $2 {
is not correct.} 10. Bxf8 Qxf8 11. Qd5 Qe7 12. Nbd2 Ngxe5 13. Nd4 $16) (9...
Na5 10. Nbd2 d6 (10... Re8 11. Bxf7+ $1) 11. exd6 cxd6 $14) 10. Qd2 $5 (10.
Nbd2 {was the natural way of development.} Re8 11. Qb3 $1 (11. Nb3 Ng6 12. e6 (
12. Bxf7+ $6 {is not correct this time.} Kxf7 13. Qd5+ Re6 {So easy...} 14.
Nfd4 Nf4 15. Nxe6 dxe6 16. Qxd8 (16. Qc4 Qd3) 16... Nxd8 17. Nd4 Nc6 $19 {
Blanco Estera-Capablanca, Havana 1913}) 12... fxe6) 11... Na5 $1 (11... Rf8 {
is simply a loss of two tempi.} 12. Rad1) 12. Qa4 (12. Bxf7+ $6 Kf8 13. Qd5 c6
$1 (13... d6 14. exd6 Nxd5 15. dxc7+ Qe7 16. Bxe7+ Nxe7 17. Bxe8 Kxe8 18. Nd4
Bxc7 19. f4 Bd7 $13) 14. Qd3 Kxf7 15. Bd6 (15. Nc4 d5 16. Nd6+ Kg8 17. exd5
Nxd5) 15... Ng6 16. Nb3 Kg8 $15 {White has no full compensation for the piece,
Black will finish the development of his <<.}) 12... Ng6 (12... Nxc4 $2 13.
Nxc4) 13. Bd5 Nxe5 14. Nxe5 Rxe5 15. Nf3 $44 {with a big lead of development.})
10... Na5 11. Bd5 Re8 {Now White has to give up his active ^^.} 12. Qf4 Nxd5
13. exd5 d6 14. exd6 cxd6 ({missing the forceful zwischenzug} 14... g5 $1 15.
Qb4 (15. Qa4 Bd7) 15... Qxd6 16. Qxd6 cxd6 17. Nbd2 (17. Bxd6 Nc4) 17... Bf5
$13) 15. Nbd2 g5 16. Qxd6 (16. Qg3 f5 17. Bxd6) 16... Qxd6 17. Bxd6 Rd8 18. Be5
Rxd5 {Now White has to hold the draw by perpetual.} (18... g4 19. Nd4 Rxd5 $13)
19. Ne4 Rd8 (19... Rd3 20. Nf6+ Kf8) 20. Nf6+ (20. Bf6 Re8) 20... Kf8 21. Nh7+
Kg8 22. Nf6+ Kf8 23. Nh7+ Kg8 24. Nf6+ 1/2-1/2